000 00656nam a22002177a 4500
001 86407
003 UA-OsUOA
005 20211108214256.0
007 ta
008 20120831b un ||||| |||| 00| 0 ukr d
040 _aUA-OsUOA
_brus
_cUA-OsUOA
_dUA-OsUOA
041 _arus
080 _a94(470+571)
090 _a94(470+571)
_bС24
245 _aСвержение самодержавия. Вторая буржуазно-демократическая революция в России
_cред. Титаренко С. Л.
260 _aМ.
_bИПЛ
_c1986
300 _a415 с.
650 7 _a94 Історія
_2UDC
942 _cBK
_2udc
955 _a5
999 _c373264
_d373264